[Event "43. Olimpiada Batumi 2018 Femenina"]
[Site "Batumi GEO"]
[Date "2018.09.28"]
[Round "5.4"]
[White "Lehaci, Miruna-Daria"]
[Black "Franco Valencia, Angela"]
[Result "1/2-1/2"]
[WhiteElo "1933"]
[BlackElo "2188"]
[PlyCount "81"]
[EventDate "2018.09.24"]
[EventType "team-swiss"]
[EventRounds "11"]
[EventCountry "GEO"]
[SourceTitle "Ajedrez en Madrid"]
[Source "lmi"]
[SourceDate "2018.09.24"]
[WhiteTeam "Romania"]
[BlackTeam "Colombia"]
[WhiteTeamCountry "ROU"]
[BlackTeamCountry "COL"]

1. d4 d5 2. c4 e6 3. Nf3 Nf6 4. Nc3 Be7 5. Bf4 O-O 6. h3 a6 7. c5 b6 8. cxb6
cxb6 9. e3 Nc6 10. Be2 Bb7 11. O-O Rc8 12. Ne5 Nxe5 13. Bxe5 Nd7 14. Bg3 b5 15.
Rc1 f5 16. Bd3 Nb6 17. b3 Ba3 18. Rc2 Bd6 19. Bxd6 Qxd6 20. Ne2 b4 21. Rxc8
Rxc8 22. Qd2 a5 23. Rc1 Rxc1+ 24. Qxc1 Qc6 25. Qxc6 Bxc6 26. h4 Kf7 27. g4 g6
28. gxf5 gxf5 29. Kh2 Nc8 30. Ng1 Nd6 31. Nf3 Kf6 32. Ne5 Be8 33. Kg3 a4 34.
Bc2 Ne4+ 35. Bxe4 fxe4 36. bxa4 Bxa4 37. Kf4 Bb5 38. Kg4 Be2+ 39. Kf4 Bb5 40.
Kg4 Be2+ 41. Kf4 1/2-1/2

[Event "43. Olimpiada Batumi 2018 Femenina"]
[Site "Batumi GEO"]
[Date "2018.09.28"]
[Round "5.2"]
[White "Osmanodja, Filiz"]
[Black "Goryachkina, Aleksandra"]
[Result "0-1"]
[WhiteElo "2348"]
[BlackElo "2535"]
[PlyCount "70"]
[EventDate "2018.09.24"]
[EventType "team-swiss"]
[EventRounds "11"]
[EventCountry "GEO"]
[SourceTitle "Ajedrez en Madrid"]
[Source "lmi"]
[SourceDate "2018.09.24"]
[WhiteTeam "Germany"]
[BlackTeam "Russia"]
[WhiteTeamCountry "GER"]
[BlackTeamCountry "RUS"]

1. e4 c6 2. d4 d5 3. Nc3 dxe4 4. Nxe4 Bf5 5. Ng3 Bg6 6. c3 Nd7 7. Nh3 Ngf6 8.
Nf4 e5 9. dxe5 Nxe5 10. Qxd8+ Rxd8 11. Be3 a6 12. Bb6 Rd7 13. Nxg6 hxg6 14. Bd4
Bd6 15. h3 c5 16. Be3 Nd5 17. Bd2 f5 18. O-O-O b5 19. Bg5 Be7 20. Bxe7 Kxe7 21.
Be2 Rhd8 22. Rhe1 Kf6 23. Bf1 Nf4 24. Rxd7 Rxd7 25. Kc2 c4 26. b3 Ned3 27. Bxd3
cxd3+ 28. Kd2 Nxg2 29. Re8 Kf7 30. Rh8 Nf4 31. Rh4 Ne6 32. f4 Nc5 33. Rh8 Ne4+
34. Nxe4 fxe4 35. f5 gxf5 0-1

[Event "43. Olimpiada Batumi 2018 Femenina"]
[Site "Batumi GEO"]
[Date "2018.09.28"]
[Round "5.3"]
[White "Gunina, Valentina"]
[Black "Hoolt, Sarah"]
[Result "1-0"]
[WhiteElo "2528"]
[BlackElo "2355"]
[PlyCount "55"]
[EventDate "2018.09.24"]
[EventType "team-swiss"]
[EventRounds "11"]
[EventCountry "GEO"]
[SourceTitle "Ajedrez en Madrid"]
[Source "lmi"]
[SourceDate "2018.09.24"]
[WhiteTeam "Russia"]
[BlackTeam "Germany"]
[WhiteTeamCountry "RUS"]
[BlackTeamCountry "GER"]

1. e4 e5 2. Nf3 Nf6 3. Nxe5 d6 4. Nf3 Nxe4 5. d3 Nf6 6. d4 d5 7. Bd3 Be7 8. O-O
Bg4 9. Re1 O-O 10. Nbd2 Nc6 11. c3 Qd7 12. Qb3 Bd6 13. Qxb7 Rab8 14. Qa6 Rb6
15. Qa4 Re8 16. Rxe8+ Qxe8 17. Qd1 Ne4 18. Qe1 f5 19. Nh4 g5 20. f3 gxh4 21.
fxg4 fxg4 22. Nxe4 dxe4 23. Bc4+ Kh8 24. Bg5 Bf8 25. Qxh4 Rxb2 26. Rf1 Bg7 27.
Bf7 Qf8 28. Bg6 1-0

[Event "43. Olimpiada Batumi 2018 Femenina"]
[Site "Batumi GEO"]
[Date "2018.09.28"]
[Round "5.4"]
[White "Schleining, Zoya"]
[Black "Girya, Olga"]
[Result "1/2-1/2"]
[WhiteElo "2370"]
[BlackElo "2462"]
[PlyCount "88"]
[EventDate "2018.09.24"]
[EventType "team-swiss"]
[EventRounds "11"]
[EventCountry "GEO"]
[SourceTitle "Ajedrez en Madrid"]
[Source "lmi"]
[SourceDate "2018.09.24"]
[WhiteTeam "Germany"]
[BlackTeam "Russia"]
[WhiteTeamCountry "GER"]
[BlackTeamCountry "RUS"]

1. d4 Nf6 2. Nf3 d5 3. c4 e6 4. Nc3 Bb4 5. Qb3 c5 6. dxc5 Nc6 7. Bg5 dxc4 8.
Qxc4 Qa5 9. Bxf6 gxf6 10. Rc1 Qxc5 11. Qh4 Ke7 12. g3 Bxc3+ 13. Rxc3 Qb4 14.
Qxb4+ Nxb4 15. a3 Nd5 16. Rc1 Bd7 17. Bg2 Rac8 18. O-O Rxc1 19. Rxc1 Rc8 20.
Rxc8 Bxc8 21. Nd2 Nc7 22. f4 f5 23. Nc4 Ne8 24. Kf2 Nd6 25. Nxd6 Kxd6 26. Ke3
Kc5 27. Kd3 a5 28. Kc3 b6 29. e4 fxe4 30. Bxe4 f5 31. Bf3 Ba6 32. b4+ axb4+ 33.
axb4+ Kd6 34. Kd4 Bf1 35. Bh5 h6 36. Bf3 Bh3 37. Be2 Bg2 38. Bd3 Bh3 39. Bc4
Bg2 40. Be2 Bh3 41. Bf3 Bf1 42. Bh5 Bg2 43. Be8 Bf1 44. Ba4 Bg2 1/2-1/2

[Event "43. Olimpiada Batumi 2018 Femenina"]
[Site "Batumi GEO"]
[Date "2018.09.28"]
[Round "5.1"]
[White "Houska, Jovanka"]
[Black "Frayna, Janelle Mae"]
[Result "1-0"]
[WhiteElo "2402"]
[BlackElo "2287"]
[PlyCount "111"]
[EventDate "2018.09.24"]
[EventType "team-swiss"]
[EventRounds "11"]
[EventCountry "GEO"]
[SourceTitle "Ajedrez en Madrid"]
[Source "lmi"]
[SourceDate "2018.09.24"]
[WhiteTeam "England"]
[BlackTeam "Philippines"]
[WhiteTeamCountry "ENG"]
[BlackTeamCountry "PHI"]

1. Nf3 Nf6 2. g3 d5 3. Bg2 c6 4. d3 Bg4 5. Nbd2 Nbd7 6. h3 Bxf3 7. Bxf3 e5 8.
O-O Bd6 9. e4 O-O 10. exd5 cxd5 11. c4 Nc5 12. d4 exd4 13. cxd5 Nd3 14. Nb3
Nxc1 15. Rxc1 Be5 16. Nxd4 Qb6 17. Nf5 Rfe8 18. Qd2 Qxb2 19. Qxb2 Bxb2 20. Rb1
Be5 21. Rxb7 Kf8 22. Re1 Bc3 23. Rxe8+ Nxe8 24. d6 Rd8 25. d7 Nf6 26. Rc7 g6
27. Rxc3 gxf5 28. Rc5 f4 29. Rf5 Nxd7 30. Rxf4 Ne5 31. Be4 Kg7 32. Bf5 Rd4 33.
Rxd4 Nf3+ 34. Kg2 Nxd4 35. Bd3 h6 36. f4 Kf6 37. Kf2 Ke6 38. Bc4+ Ke7 39. g4 f5
40. g5 hxg5 41. fxg5 f4 42. h4 Nf5 43. Kf3 Nxh4+ 44. Kxf4 Kf8 45. Bd3 Kf7 46.
a4 Ng6+ 47. Bxg6+ Kxg6 48. a5 a6 49. Kg4 Kg7 50. Kf5 Kf7 51. Ke5 Kg6 52. Kd6
Kxg5 53. Kc6 Kf6 54. Kb6 Ke6 55. Kxa6 Kd7 56. Kb7 1-0

[Event "43. Olimpiada Batumi 2018 Femenina"]
[Site "Batumi GEO"]
[Date "2018.09.28"]
[Round "5.2"]
[White "Secopito, Catherine"]
[Black "Kalaiyalahan, Akshaya"]
[Result "0-1"]
[WhiteElo "2157"]
[BlackElo "2253"]
[PlyCount "136"]
[EventDate "2018.09.24"]
[EventType "team-swiss"]
[EventRounds "11"]
[EventCountry "GEO"]
[SourceTitle "Ajedrez en Madrid"]
[Source "lmi"]
[SourceDate "2018.09.24"]
[WhiteTeam "Philippines"]
[BlackTeam "England"]
[WhiteTeamCountry "PHI"]
[BlackTeamCountry "ENG"]

1. d4 Nf6 2. Nf3 g6 3. c4 Bg7 4. g3 O-O 5. Bg2 d6 6. Nc3 Nc6 7. O-O a6 8. b3
Rb8 9. Bg5 h6 10. Be3 Ng4 11. Bc1 e5 12. e3 exd4 13. exd4 b5 14. h3 Nf6 15.
cxb5 axb5 16. Be3 b4 17. Na4 Nd5 18. Qd2 Nxe3 19. fxe3 Ne7 20. Rac1 c6 21. Ne1
Ba6 22. Rf2 Qa5 23. Nd3 Rfe8 24. g4 Bb5 25. Nab2 Qxa2 26. Qd1 Qa5 27. Ra1 Qb6
28. Nxb4 Rf8 29. Nc2 c5 30. Na4 Bxa4 31. bxa4 Nc6 32. Qf3 Rbc8 33. dxc5 dxc5
34. Rd1 Ne5 35. Qf4 c4 36. Be4 Qb3 37. Rd5 Nd3 38. Bxd3 cxd3 39. Nb4 Rc4 40.
Rxd3 Qxb4 41. Qf3 Qxa4 42. Rf1 Rc2 43. Rd5 Ra2 44. Rfd1 Ra1 45. Qe2 Rxd1+ 46.
Rxd1 Re8 47. Rd3 Qa1+ 48. Kg2 Rb8 49. Kf3 Qh1+ 50. Qg2 Qxg2+ 51. Kxg2 Kf8 52.
Rd7 Ke8 53. Ra7 Rd8 54. Kf3 Rd7 55. Ra5 Ke7 56. Ke4 Ke6 57. h4 Rd6 58. Rb5 Ra6
59. h5 g5 60. Rb8 Ra4+ 61. Kf3 Be5 62. Rb6+ Bd6 63. Rb5 Rc4 64. Ra5 Rb4 65. Ra8
Rb8 66. Ra5 Rb6 67. Ra8 Bb8 68. Ra5 Be5 0-1

[Event "43. Olimpiada Batumi 2018 Femenina"]
[Site "Batumi GEO"]
[Date "2018.09.28"]
[Round "5.3"]
[White "Head, Louise"]
[Black "Mendoza, Shania Mae"]
[Result "0-1"]
[WhiteElo "2161"]
[BlackElo "2113"]
[PlyCount "70"]
[EventDate "2018.09.24"]
[EventType "team-swiss"]
[EventRounds "11"]
[EventCountry "GEO"]
[SourceTitle "Ajedrez en Madrid"]
[Source "lmi"]
[SourceDate "2018.09.24"]
[WhiteTeam "England"]
[BlackTeam "Philippines"]
[WhiteTeamCountry "ENG"]
[BlackTeamCountry "PHI"]

1. d4 d5 2. c4 c6 3. Nf3 Nf6 4. Nc3 e6 5. Bg5 dxc4 6. e4 b5 7. e5 h6 8. Bh4 g5
9. Nxg5 hxg5 10. Bxg5 Nbd7 11. exf6 Bb7 12. g3 Qb6 13. Bg2 O-O-O 14. O-O c5 15.
d5 b4 16. dxe6 Bxg2 17. Kxg2 Qxe6 18. Qd5 bxc3 19. Qa8+ Nb8 20. Bf4 Bd6 21.
Bxd6 Rxd6 22. h4 cxb2 23. Rab1 c3 24. Qxa7 Rb6 25. Qa3 Qxf6 26. Qxc5+ Qc6+ 27.
Qxc6+ Nxc6 28. Rfc1 bxc1=Q 29. Rxc1 Rb2 30. Rxc3 Kc7 31. a3 Rh6 32. Rf3 Ne5 33.
Rf5 Kd6 34. Kh3 Ke6 35. Rg5 Rxf2 0-1

[Event "43. Olimpiada Batumi 2018 Femenina"]
[Site "Batumi GEO"]
[Date "2018.09.28"]
[Round "5.4"]
[White "Galas, Bernadette"]
[Black "Maroroa, Sue"]
[Result "1-0"]
[WhiteElo "2080"]
[BlackElo "2112"]
[PlyCount "85"]
[EventDate "2018.09.24"]
[EventType "team-swiss"]
[EventRounds "11"]
[EventCountry "GEO"]
[SourceTitle "Ajedrez en Madrid"]
[Source "lmi"]
[SourceDate "2018.09.24"]
[WhiteTeam "Philippines"]
[BlackTeam "England"]
[WhiteTeamCountry "PHI"]
[BlackTeamCountry "ENG"]

1. c4 Nf6 2. g3 g6 3. Bg2 Bg7 4. Nc3 O-O 5. e4 d6 6. Nge2 c5 7. O-O Nc6 8. d3
Bg4 9. h3 Bd7 10. Be3 Qb6 11. Rb1 Qa5 12. a3 a6 13. Qd2 Qd8 14. b4 b6 15. f4
Qc8 16. Kh2 e5 17. fxe5 Nxe5 18. Bg5 Ne8 19. Nd5 Kh8 20. Nxb6 Qc6 21. Nxa8 Qxa8
22. Be7 Rg8 23. bxc5 dxc5 24. Bxc5 Qc6 25. d4 Nxc4 26. Qd3 Na5 27. Rb6 Qc7 28.
Qxa6 Nc6 29. Rxf7 Nd8 30. Rf1 Bc8 31. Qc4 Qd7 32. Nf4 Nc7 33. Rd6 Qe8 34. Bb4
Nde6 35. Nxe6 Nxe6 36. d5 Ng5 37. Bc3 Qe7 38. Bxg7+ Qxg7 39. Rc6 Bd7 40. Rc7
Rd8 41. e5 Bb5 42. Qc5 Qh6 43. Rc8 1-0

[Event "43. Olimpiada Batumi 2018 Femenina"]
[Site "Batumi GEO"]
[Date "2018.09.28"]
[Round "5.1"]
[White "Saduakassova, Dinara"]
[Black "Badelka, Olga"]
[Result "1-0"]
[WhiteElo "2474"]
[BlackElo "2404"]
[PlyCount "165"]
[EventDate "2018.09.24"]
[EventType "team-swiss"]
[EventRounds "11"]
[EventCountry "GEO"]
[SourceTitle "Ajedrez en Madrid"]
[Source "lmi"]
[SourceDate "2018.09.24"]
[WhiteTeam "Kazakhstan"]
[BlackTeam "Belarus"]
[WhiteTeamCountry "KAZ"]
[BlackTeamCountry "BLR"]

1. d4 d5 2. c4 dxc4 3. Nf3 Nf6 4. e3 b5 5. a4 b4 6. Bxc4 e6 7. Nbd2 Bb7 8. O-O
Be7 9. a5 a6 10. Re1 c5 11. e4 cxd4 12. e5 Nfd7 13. Nxd4 Nc6 14. Nxc6 Bxc6 15.
Qg4 g6 16. Nf3 h5 17. Qg3 Nc5 18. Bg5 Bxf3 19. Bxe7 Qxe7 20. Qxf3 O-O 21. Red1
Qc7 22. Qf4 Nd7 23. Bf1 b3 24. Rd6 Nc5 25. h4 Kg7 26. Rad1 Qe7 27. Rc1 Rfc8 28.
Qd4 Qa7 29. Rxa6 Nxa6 30. Qxa7 Rxa7 31. Rxc8 Nb4 32. Rc5 Kf8 33. Rc8+ Ke7 34.
Bb5 f6 35. Re8+ Kf7 36. Rb8 fxe5 37. Be8+ Ke7 38. Bxg6 Nc6 39. Rxb3 Rxa5 40.
Bxh5 e4 41. Bg6 Ra4 42. g3 Ne5 43. Bh5 Kf6 44. Be2 Kf5 45. Kg2 Rd4 46. Re3 Rb4
47. b3 Rd4 48. f3 exf3+ 49. Bxf3 Ng4 50. Re2 e5 51. Bb7 Nh6 52. Kf3 Kf6 53. Be4
Rb4 54. Re3 Nf7 55. Rd3 Ke7 56. Rc3 Nd6 57. Bc6 Nf5 58. Bd5 Rd4 59. Bg8 Rd8 60.
Bc4 Kf6 61. h5 Rd4 62. Bd3 Nh6 63. Bg6 Kg5 64. Rc5 Ng4 65. Rc4 Nh2+ 66. Ke2 Rd6
67. b4 Rb6 68. Be8 Ng4 69. b5 Nf6 70. Bc6 Nxh5 71. Kf3 Ng7 72. Ke4 Kf6 73. Rc1
Ke6 74. g4 Rb8 75. Rh1 Ne8 76. Bxe8 Rxe8 77. Rh6+ Kd7 78. Rg6 Kc7 79. b6+ Kb7
80. g5 Rc8 81. Re6 Rc1 82. Kxe5 Re1+ 83. Kf6 1-0

[Event "43. Olimpiada Batumi 2018 Femenina"]
[Site "Batumi GEO"]
[Date "2018.09.28"]
[Round "5.2"]
[White "Stetsko, Lanita"]
[Black "Abdumalik, Zhansaya"]
[Result "1-0"]
[WhiteElo "2188"]
[BlackElo "2482"]
[PlyCount "101"]
[EventDate "2018.09.24"]
[EventType "team-swiss"]
[EventRounds "11"]
[EventCountry "GEO"]
[SourceTitle "Ajedrez en Madrid"]
[Source "lmi"]
[SourceDate "2018.09.24"]
[WhiteTeam "Belarus"]
[BlackTeam "Kazakhstan"]
[WhiteTeamCountry "BLR"]
[BlackTeamCountry "KAZ"]

1. e4 c5 2. Nf3 e6 3. d4 cxd4 4. Nxd4 a6 5. Nc3 b5 6. Bd3 Ne7 7. O-O Nec6 8.
Nxc6 Nxc6 9. Qg4 h5 10. Qd1 Bc5 11. Re1 Ne5 12. Be3 Bxe3 13. Rxe3 Bb7 14. Be2
Qc7 15. Qd4 Nc6 16. Qd2 Ne5 17. Qd4 Nc6 18. Qd2 Qe5 19. Rd1 Rd8 20. a4 bxa4 21.
Nxa4 h4 22. h3 Qc7 23. Nc5 O-O 24. Qd6 Qc8 25. Rb3 Na5 26. Ra3 Nc6 27. Rb3 Na5
28. Ra3 Nc6 29. Bxa6 Bxa6 30. Rxa6 Nb4 31. Ra3 Qc6 32. c3 Nc2 33. Ra7 Qb5 34.
b4 Ra8 35. Rxa8 Rxa8 36. Qxd7 Qb8 37. Qd3 Na3 38. Ra1 Qb6 39. Nd7 Qd8 40. Nc5
Qb6 41. e5 Ra7 42. Ne4 Qb8 43. Rd1 Ra8 44. Ng5 g6 45. Qe4 Kf8 46. Qf4 Qe8 47.
Qxh4 Nb5 48. Qh8+ Ke7 49. Qf6+ Kf8 50. Nxe6+ Qxe6 51. Qh8+ 1-0

[Event "43. Olimpiada Batumi 2018 Femenina"]
[Site "Batumi GEO"]
[Date "2018.09.28"]
[Round "5.3"]
[White "Nakhbayeva, Guliskhan"]
[Black "Kusenkova, Natallia"]
[Result "1-0"]
[WhiteElo "2394"]
[BlackElo "2167"]
[PlyCount "107"]
[EventDate "2018.09.24"]
[EventType "team-swiss"]
[EventRounds "11"]
[EventCountry "GEO"]
[SourceTitle "Ajedrez en Madrid"]
[Source "lmi"]
[SourceDate "2018.09.24"]
[WhiteTeam "Kazakhstan"]
[BlackTeam "Belarus"]
[WhiteTeamCountry "KAZ"]
[BlackTeamCountry "BLR"]

1. d4 d5 2. c4 e6 3. Nc3 a6 4. cxd5 exd5 5. Bf4 Nf6 6. e3 Bd6 7. Bxd6 Qxd6 8.
Bd3 O-O 9. Nge2 Bg4 10. f3 Bh5 11. Qd2 Re8 12. O-O Bg6 13. Rad1 Nbd7 14. Ng3 c5
15. Bf5 Bxf5 16. Nxf5 Qe6 17. e4 dxe4 18. fxe4 cxd4 19. Qg5 g6 20. Rxd4 Kh8 21.
Rd6 Qe5 22. Nh6 Kg7 23. Nxf7 Qxg5 24. Nxg5 Re5 25. Nf3 Re7 26. e5 Ne8 27. Rd2
Nc7 28. Rfd1 Nf8 29. Kf2 h6 30. h4 Rae8 31. Kg3 Rf7 32. Ne4 Rfe7 33. a4 Nce6
34. Rd6 Rc8 35. R1d3 Rc4 36. Nc3 Nc7 37. b3 Rb4 38. Na2 Re4 39. Rb6 Na8 40.
Rbd6 Nc7 41. Nc3 Rb4 42. Nd4 Ne8 43. Rd8 Ne6 44. Nd5 Rxd4 45. Rxd4 Rf7 46. Nf6
Nxf6 47. exf6+ Kxf6 48. R8d6 g5 49. hxg5+ hxg5 50. Re4 Re7 51. Kg4 Kf7 52.
Rexe6 Rxe6 53. Rxe6 Kxe6 54. Kxg5 1-0

[Event "43. Olimpiada Batumi 2018 Femenina"]
[Site "Batumi GEO"]
[Date "2018.09.28"]
[Round "5.4"]
[White "Ilyuchyk, Yana"]
[Black "Dauletova, Gulmira"]
[Result "0-1"]
[WhiteElo "2114"]
[BlackElo "2263"]
[PlyCount "66"]
[EventDate "2018.09.24"]
[EventType "team-swiss"]
[EventRounds "11"]
[EventCountry "GEO"]
[SourceTitle "Ajedrez en Madrid"]
[Source "lmi"]
[SourceDate "2018.09.24"]
[WhiteTeam "Belarus"]
[BlackTeam "Kazakhstan"]
[WhiteTeamCountry "BLR"]
[BlackTeamCountry "KAZ"]

1. e4 c5 2. Nf3 e6 3. d4 cxd4 4. Nxd4 Nc6 5. Nc3 Qc7 6. Be3 a6 7. Bd3 b5 8.
Nxc6 Qxc6 9. a3 Bb7 10. O-O Nf6 11. Qe2 Rc8 12. f4 Bc5 13. Bxc5 Qxc5+ 14. Kh1
d5 15. e5 Ne4 16. a4 b4 17. Nxe4 dxe4 18. Bxe4 Bxe4 19. Qxe4 O-O 20. b3 a5 21.
Rac1 g6 22. Rf3 Rfd8 23. h4 Rd4 24. Qe1 Qd5 25. Kh2 Rd2 26. Rf2 Rd4 27. Rf3 Rc3
28. Rxc3 bxc3 29. Qxc3 Rxf4 30. Qe1 Qd4 31. g3 Rf2+ 32. Kh3 h5 33. Qd1 Qe4 0-1

[Event "43. Olimpiada Batumi 2018 Femenina"]
[Site "Batumi GEO"]
[Date "2018.09.28"]
[Round "5.1"]
[White "Stojanovic, Marija R"]
[Black "Haast, Anne"]
[Result "1/2-1/2"]
[WhiteElo "2113"]
[BlackElo "2345"]
[PlyCount "76"]
[EventDate "2018.09.24"]
[EventType "team-swiss"]
[EventRounds "11"]
[EventCountry "GEO"]
[SourceTitle "Ajedrez en Madrid"]
[Source "lmi"]
[SourceDate "2018.09.24"]
[WhiteTeam "Montenegro"]
[BlackTeam "Netherlands"]
[WhiteTeamCountry "MNE"]
[BlackTeamCountry "NED"]

1. e4 c5 2. Nf3 e6 3. d4 cxd4 4. Nxd4 Nc6 5. Nc3 a6 6. Be2 Qc7 7. O-O Nf6 8.
Kh1 Nxd4 9. Qxd4 Bc5 10. Qd2 O-O 11. f4 Bb4 12. Bf3 Bxc3 13. bxc3 d5 14. e5 Ne4
15. Bxe4 dxe4 16. Ba3 Rd8 17. Qe3 Bd7 18. Bc5 Bb5 19. Bb6 Qc6 20. Rfe1 Rd7 21.
Bd4 Rc8 22. Qxe4 Qxe4 23. Rxe4 Ba4 24. Re2 Bxc2 25. Kg1 b5 26. Kf2 Bd3 27. Rd2
Bc4 28. Ke3 h5 29. a4 Kh7 30. Bb6 Rxd2 31. Kxd2 Bd5 32. axb5 axb5 33. g3 Rc4
34. Rb1 Bc6 35. Rb4 Kg6 36. Rxc4 bxc4 37. h4 Kf5 38. Ke3 Kg4 1/2-1/2

[Event "43. Olimpiada Batumi 2018 Femenina"]
[Site "Batumi GEO"]
[Date "2018.09.28"]
[Round "5.2"]
[White "Lanchava, Tea"]
[Black "Koljevic, Nikolina"]
[Result "1/2-1/2"]
[WhiteElo "2339"]
[BlackElo "1898"]
[PlyCount "108"]
[EventDate "2018.09.24"]
[EventType "team-swiss"]
[EventRounds "11"]
[EventCountry "GEO"]
[SourceTitle "Ajedrez en Madrid"]
[Source "lmi"]
[SourceDate "2018.09.24"]
[WhiteTeam "Netherlands"]
[BlackTeam "Montenegro"]
[WhiteTeamCountry "NED"]
[BlackTeamCountry "MNE"]

1. d4 d5 2. Nf3 e6 3. c4 c5 4. cxd5 exd5 5. g3 Nf6 6. Bg2 Be7 7. O-O O-O 8. Nc3
Nc6 9. Bg5 cxd4 10. Nxd4 h6 11. Be3 Bg4 12. Qa4 Ne5 13. Rad1 Nc4 14. Bc1 Nb6
15. Qb3 a5 16. Be3 a4 17. Qb5 Bd7 18. Qd3 Bb4 19. Nc2 Bxc3 20. bxc3 Re8 21. Rb1
Re6 22. Nd4 Re5 23. Bf4 Re8 24. Rb4 Bc6 25. Nb5 Bxb5 26. Rxb5 Rc8 27. Rfb1 Rc6
28. Qd4 Ree6 29. Qb4 Ne4 30. Bxe4 Rxe4 31. Qa5 Qa8 32. Qxa8+ Nxa8 33. Rxb7 Rec4
34. Rd7 Nb6 35. Rd8+ Kh7 36. Be3 Nc8 37. Bd4 Nd6 38. Be5 Ne4 39. Rb7 Re6 40.
Rxd5 Nxc3 41. Ra5 Nxe2+ 42. Kf1 Re4 43. f4 f6 44. Raa7 fxe5 45. Rxg7+ Kh8 46.
Rgf7 Rg6 47. f5 Nxg3+ 48. hxg3 Rxg3 49. Rf8+ Rg8 50. Rf6 Rf4+ 51. Ke2 Rg2+ 52.
Ke3 Rg3+ 53. Ke2 Rg2+ 54. Ke3 Rg3+ 1/2-1/2

[Event "43. Olimpiada Batumi 2018 Femenina"]
[Site "Batumi GEO"]
[Date "2018.09.28"]
[Round "5.3"]
[White "Rakic, Tijana"]
[Black "Paulet, Iozefina"]
[Result "0-1"]
[WhiteElo "1651"]
[BlackElo "2275"]
[PlyCount "60"]
[EventDate "2018.09.24"]
[EventType "team-swiss"]
[EventRounds "11"]
[EventCountry "GEO"]
[SourceTitle "Ajedrez en Madrid"]
[Source "lmi"]
[SourceDate "2018.09.24"]
[WhiteTeam "Montenegro"]
[BlackTeam "Netherlands"]
[WhiteTeamCountry "MNE"]
[BlackTeamCountry "NED"]

1. e4 e6 2. d3 d5 3. Nd2 Nf6 4. Ngf3 Be7 5. g3 c5 6. Bg2 Nc6 7. O-O O-O 8. Re1
b5 9. e5 Nd7 10. Nf1 a5 11. h4 b4 12. a3 bxa3 13. Rxa3 Ba6 14. N1h2 c4 15. Ra1
cxd3 16. cxd3 Nb4 17. d4 Rc8 18. Bf1 Bxf1 19. Rxf1 Nc2 20. Ra4 Qb6 21. Ne1 Nb4
22. Nhf3 Qb5 23. Bg5 Bxg5 24. hxg5 Nb6 25. Ra1 Rc7 26. Nd2 Nc4 27. Qe2 Qb6 28.
Nb3 Nc6 29. Qc2 Rb8 30. Nc5 Nxd4 0-1

[Event "43. Olimpiada Batumi 2018 Femenina"]
[Site "Batumi GEO"]
[Date "2018.09.28"]
[Round "5.4"]
[White "Ratsma, Rosa"]
[Black "Radosevic, Nevena"]
[Result "1-0"]
[WhiteElo "2260"]
[BlackElo "1600"]
[PlyCount "65"]
[EventDate "2018.09.24"]
[EventType "team-swiss"]
[EventRounds "11"]
[EventCountry "GEO"]
[SourceTitle "Ajedrez en Madrid"]
[Source "lmi"]
[SourceDate "2018.09.24"]
[WhiteTeam "Netherlands"]
[BlackTeam "Montenegro"]
[WhiteTeamCountry "NED"]
[BlackTeamCountry "MNE"]

1. e4 c5 2. Nf3 e6 3. d4 cxd4 4. Nxd4 Nc6 5. Nc3 Qc7 6. f4 a6 7. Nxc6 Qxc6 8.
Bd3 Bb4 9. Bd2 b5 10. Qe2 Bb7 11. O-O-O Ne7 12. Kb1 O-O 13. Rhf1 f6 14. g4 Rae8
15. h4 d5 16. e5 Bxc3 17. Bxc3 f5 18. Rg1 Qc7 19. Rg3 Ng6 20. Qf2 fxg4 21. Bxg6
hxg6 22. Rxg4 a5 23. Rxg6 b4 24. Bd4 Rf7 25. h5 Kh8 26. h6 gxh6 27. Rxh6+ Rh7
28. Rdh1 Ree7 29. Qh4 Ref7 30. Qh5 Qe7 31. Bc5 Qd7 32. b3 Rxh6 33. Qxh6+ 1-0

[Event "43. Olimpiada Batumi 2018 Femenina"]
[Site "Batumi GEO"]
[Date "2018.09.28"]
[Round "5.1"]
[White "Cornette, Deimante"]
[Black "Georgescu, Lena"]
[Result "1-0"]
[WhiteElo "2462"]
[BlackElo "2195"]
[PlyCount "65"]
[EventDate "2018.09.24"]
[EventType "team-swiss"]
[EventRounds "11"]
[EventCountry "GEO"]
[SourceTitle "Ajedrez en Madrid"]
[Source "lmi"]
[SourceDate "2018.09.24"]
[WhiteTeam "Lithuania"]
[BlackTeam "Switzerland"]
[WhiteTeamCountry "LTU"]
[BlackTeamCountry "SUI"]

1. e4 c5 2. Nf3 Nc6 3. Bb5 g6 4. O-O Bg7 5. Nc3 d6 6. e5 dxe5 7. Bxc6+ bxc6 8.
Re1 Qc7 9. b3 e4 10. Rxe4 Nf6 11. Re1 O-O 12. Bb2 Be6 13. d3 Rfd8 14. Qe2 Nd5
15. Na4 Nf4 16. Qe3 Bxb2 17. Nxb2 Rd5 18. Ne5 Rd4 19. Na4 Nd5 20. Qg3 Rxa4 21.
bxa4 Nc3 22. a3 Rd8 23. Qe3 Qd6 24. Nf3 Bd5 25. Qxe7 Bxf3 26. Qxd6 Rxd6 27.
Re8+ Kg7 28. gxf3 Rd4 29. Rc8 c4 30. Rxc6 Ne2+ 31. Kf1 cxd3 32. cxd3 Nf4 33.
Rc4 1-0

[Event "43. Olimpiada Batumi 2018 Femenina"]
[Site "Batumi GEO"]
[Date "2018.09.28"]
[Round "5.2"]
[White "Heinatz, Gundula"]
[Black "Zaksaite, Salomeja"]
[Result "1/2-1/2"]
[WhiteElo "2170"]
[BlackElo "2278"]
[PlyCount "124"]
[EventDate "2018.09.24"]
[EventType "team-swiss"]
[EventRounds "11"]
[EventCountry "GEO"]
[SourceTitle "Ajedrez en Madrid"]
[Source "lmi"]
[SourceDate "2018.09.24"]
[WhiteTeam "Switzerland"]
[BlackTeam "Lithuania"]
[WhiteTeamCountry "SUI"]
[BlackTeamCountry "LTU"]

1. d4 Nf6 2. Nf3 g6 3. Bg5 Bg7 4. Nbd2 d5 5. e3 O-O 6. Bd3 Nbd7 7. O-O Re8 8.
Re1 e5 9. dxe5 Nxe5 10. Nxe5 Rxe5 11. Nf3 Bg4 12. Bf4 Re8 13. c3 Nh5 14. h3
Nxf4 15. hxg4 Nxd3 16. Qxd3 c6 17. Rad1 Qb6 18. Qc2 Re4 19. g5 Rae8 20. g3 Qd8
21. Kg2 f6 22. Qb3 Qb6 23. Qxb6 axb6 24. gxf6 Bxf6 25. Rd3 Ra8 26. a3 Rae8 27.
Red1 b5 28. Nd2 R4e6 29. Nf3 h5 30. Rh1 Kf7 31. Rd2 Ke7 32. Nd4 Re4 33. Nc2 Kd6
34. f3 R4e7 35. f4 Rh8 36. Kf3 Kc5 37. Nd4 Kc4 38. Rhh2 Rhe8 39. b3+ Kc5 40.
Rd3 Ra8 41. Nc2 Rh8 42. Nd4 Kb6 43. b4 Re4 44. Rh1 Kc7 45. Rh2 Kd6 46. Rh1 Ra8
47. Ra1 b6 48. Ra2 Re7 49. Ra1 Ra4 50. Nc2 Re4 51. Nd4 c5 52. bxc5+ bxc5 53.
Nxb5+ Kc6 54. Rb1 Ra5 55. Nd4+ cxd4 56. cxd4 Be7 57. Rc3+ Kd7 58. Rb6 Rxa3 59.
Rb7+ Kd8 60. Rb8+ Kd7 61. Rb7+ Kd8 62. Rb8+ Kd7 1/2-1/2

[Event "43. Olimpiada Batumi 2018 Femenina"]
[Site "Batumi GEO"]
[Date "2018.09.28"]
[Round "5.3"]
[White "Batyte, Daiva"]
[Black "De Seroux, Camille"]
[Result "1-0"]
[WhiteElo "2172"]
[BlackElo "2175"]
[PlyCount "51"]
[EventDate "2018.09.24"]
[EventType "team-swiss"]
[EventRounds "11"]
[EventCountry "GEO"]
[SourceTitle "Ajedrez en Madrid"]
[Source "lmi"]
[SourceDate "2018.09.24"]
[WhiteTeam "Lithuania"]
[BlackTeam "Switzerland"]
[WhiteTeamCountry "LTU"]
[BlackTeamCountry "SUI"]

1. Nf3 Nf6 2. g3 g6 3. Bg2 Bg7 4. O-O O-O 5. c4 d6 6. Nc3 Nc6 7. d3 e5 8. b3
Re8 9. Bb2 e4 10. Nxe4 Nxe4 11. Bxg7 Kxg7 12. dxe4 Rxe4 13. e3 Re8 14. Qd2 Qf6
15. Nd4 Bd7 16. Nb5 Rac8 17. f4 a6 18. Nc3 Be6 19. Rae1 Qd8 20. e4 f5 21. Nd5
fxe4 22. Qc3+ Kh6 23. Bxe4 Bxd5 24. cxd5 Nb8 25. g4 Qd7 26. Bf5 1-0